000 01442nam a2200301 i 4500
001 000047899
003 DO-SdBNP
005 20260321073643.0
007 ta
008 181002s 2017 dr r 000 0 spa d
020 _a9789945909807
040 _aDO-SdBNP
_bspa
_cBNPHU
_erda
082 4 _a972.94
_bB742p
_222
100 1 _a Bosch, Juan,
_d1909-2001
_eautor
_976555
245 0 0 _aPara comprender Haití :
_btextos selectos /
_ccompilador, Matías Bosch Carcuro.
264 _aSanto Domingo :
_bFundación Juan Bosch,
_c2017.
300 _a257 páginas ;
_c23 cm.
336 _2rdacontent
_atexto
_btexto
337 _2rdamedia
_asin mediación
_bn
338 _2rdacarrier
_avolumen
_bnc
500 _aRecopilación de textos seleccionados sobre Haití de Juan Bosch (1909-2001), una de las figuras literarias y políticas dominicanas fundamentales del siglo XX. Bosch fue el primer presidente elegido democráticamente en la República Dominicana después del asesinato del ex dictador Rafael L. Trujillo y fue derrocado mediante un golpe de estado en 1963. En 1965 surgió una revolución popular para exigir el regreso de Bosch a la presidencia.
500 _aIncluye referencias bibliográficas y notas al pie de las páginas
590 _aInventariado, 2018/BT
651 4 _aHaití
_xHistoria
_98418
700 1 _aBosch Carcuro, Matías,
_ecompilador
_975461
910 _aValidado. Control de calidad MFF
942 _2ddc
_cLBS1
999 _c47387
_d47387